| 000 | 01193cam a22003734a 4500 | ||
|---|---|---|---|
| 001 | 15966683 | ||
| 003 | OSt | ||
| 005 | 20140310182859.0 | ||
| 008 | 091029s2009 ph 001 0 eng | ||
| 010 | _a 2009516473 | ||
| 020 | _a9789712344909 | ||
| 040 |
_aDLC _cDLC |
||
| 042 | _alcode | ||
| 043 | _aa-ph--- | ||
| 050 | 0 | 0 |
_aKPM 3110 _b.D4 2009 |
| 100 | 1 | _aDe Leon, Hector S. | |
| 245 | 1 | 4 |
_aThe law on transfer and business taxation : _bwith illustrations, problems, and solutions / _cby Hector S. De Leon and Hector M. De Leon, Jr. |
| 250 | _a2009 ed. | ||
| 260 |
_aManila, Philippines : _bRex Book Store, _c2009. |
||
| 300 |
_axxxii, 668 p. : _c23 cm. |
||
| 500 | _aIncludes index. | ||
| 521 | _aBSBA | ||
| 562 | _efor circulation : 3 copies available in the collection | ||
| 650 | 0 |
_aInheritance and transfer tax _xLaw and legislation _zPhilippines. |
|
| 650 | 0 |
_aBusiness enterprises _xTaxation _xLaw and legislation _zPhilippines. |
|
| 700 | 1 | _aDe Leon, Hector M. | |
| 906 |
_a7 _bcbc _corigode _d2 _encip _f20 _gy-gencatlg |
||
| 942 |
_2lcc _cBK _kLOC |
||
| 999 |
_c17075 _d17075 |
||